Online
Catalog

El regreso de la comunidad : (Record no. 5712)

MARC details
000 -CABECERA
campo de control de longitud fija 01706cam a2200253 a 4500
001 - NÚMERO DE CONTROL
campo de control 000005916
005 - FECHA Y HORA DE LA ÚLTIMA TRANSACCIÓN
campo de control 20200929151835.0
008 - DATOS DE LONGITUD FIJA--INFORMACIÓN GENERAL
campo de control de longitud fija 020610s2002 mx a b 001 0 spa
020 ## - NÚMERO INTERNACIONAL ESTÁNDAR DEL LIBRO
Número Internacional Estándar del Libro 9681210468
040 ## - FUENTE DE LA CATALOGACIÓN
Centro catalogador/agencia de origen DO-SdBNP
Centro/agencia transcriptor DLC
082 ## - NÚMERO DE LA CLASIFICACIÓN DECIMAL DEWEY
Número de clasificación 972.017
Número de documento/Ítem V433r
100 1# - ENTRADA PRINCIPAL--NOMBRE DE PERSONA
Nombre de persona Velasco Ortíz, M. Laura.
9 (RLIN) 16690
245 13 - MENCIÓN DE TÍTULO
Título El regreso de la comunidad :
Resto del título migración indígena y agentes étnicos, los mixtecos en la frontera México-Estados Unidos /
Mención de responsabilidad, etc. M. Laura Velasco Ortíz.
260 ## - PUBLICACIÓN, DISTRIBUCIÓN, ETC.
Lugar de publicación, distribución, etc. México :
Nombre del editor, distribuidor, etc. El Colegio de México. Centro de Estudios Sociológicos ;,
Fecha de publicación, distribución, etc. 2002.
300 ## - DESCRIPCIÓN FÍSICA
Extensión 283 p. :
Otras características físicas il. p. ;
Dimensiones 21 cm.
490 1# - MENCIÓN DE SERIE
Mención de serie Centro de Estudios Sociológicos
500 ## - NOTA GENERAL
Nota general Los nuevos agentes étnicos en la frontera México-Estados Unidos - 1. Las Organizaciones de Migrantes: Etnicas entre las Fronteras Nacionales y las Fronteres - 2. Migracion Mixteca y Fronteras Nacionales: Mercados de trabajo y políticas estatales de control migratorio - 3. Migracion Mixteca y Fronteras Nacionales: de las asociaciones pro pueblos a las Organizaciones y pan Etnicas transnacionales - 4. Redes y Organizaciones de Migrantes: la rearticulacion de la experiencia comunitaria - 5. Los Intelectuales Indígenas y la construccion de la ética politica comunidad transnacional - 6. PUBLICAS Voces, silencios privados: Por las fronteras del genero y la etnicidad - 7. El regreso de la comunidad etnica.
504 ## - NOTA DE BIBLIOGRAFÍA, ETC.
Nota de bibliografía, etc. Incluye referencias bibliográficas: (p. 263-283).
650 #4 - PUNTO DE ACCESO ADICIONAL DE MATERIA--TÉRMINO DE MATERIA
Término de materia o nombre geográfico como elemento de entrada Mixtecas
Subdivisión general Migraciòn
9 (RLIN) 16691
650 #4 - PUNTO DE ACCESO ADICIONAL DE MATERIA--TÉRMINO DE MATERIA
Término de materia o nombre geográfico como elemento de entrada Mixtecas
Subdivisión general Condiciones sociales
9 (RLIN) 16692
651 #4 - PUNTO DE ACCESO ADICIONAL DE MATERIA--NOMBRE GEOGRÁFICO
Nombre geográfico Estados Unidos
Subdivisión general Emigraciòn E Inmigraciòn
9 (RLIN) 291
830 #0 - PUNTO DE ACCESO ADICIONAL DE SERIE-TÍTULO UNIFORME
Título uniforme Centro de Estudios Sociológicos.
9 (RLIN) 16693
910 ## - DATOS DE OPCIÓN DEL USUARIO (OCLC)
Datos de opción del usuario Catalogación por copia / LC
Holdings
Estado de retiro Estado de pérdida Restricciones de uso No para préstamo Código de colección Localización permanente Ubicación/localización actual Ubicación en estantería Fecha de adquisición Número de inventario Total de préstamos Signatura topográfica completa Código de barras Fecha visto por última vez Precio válido a partir de Tipo de ítem Koha
    Préstamo interno   Monografías: Libros y Folletos General General En catalogación 24.08.2009 LF1   972.017 V433r 5916-10 25.06.2020 25.06.2020 Préstamo interno

Powered by Koha